MARC details
| 000 -CABECERA |
| campo de control de longitud fija |
00968nam a2200229 a 4500 |
| 001 - NÚMERO DE CONTROL |
| campo de control |
000030592 |
| 005 - FECHA Y HORA DE LA ÚLTIMA TRANSACCIÓN |
| campo de control |
20200930062409.0 |
| 008 - DATOS DE LONGITUD FIJA--INFORMACIÓN GENERAL |
| campo de control de longitud fija |
110524s1950 dr 000 0 spa d |
| 040 ## - FUENTE DE LA CATALOGACIÓN |
| Centro catalogador/agencia de origen |
DO-SdBNP |
| Lengua de catalogación |
spa |
| Centro/agencia transcriptor |
BNPHU |
| 082 ## - NÚMERO DE LA CLASIFICACIÓN DECIMAL DEWEY |
| Número de clasificación |
271.5307293 |
| Número de documento/Ítem |
V181c |
| 100 1# - ENTRADA PRINCIPAL--NOMBRE DE PERSONA |
| Nombre de persona |
Valle LLano, Antonio |
| 9 (RLIN) |
57056 |
| 245 13 - MENCIÓN DE TÍTULO |
| Título |
La compañia de Jesús en Santo Domingo durante el período hispánico / |
| Mención de responsabilidad, etc. |
Antonio Valle LLano ; prólogo de Manuel Arturo Peña Batlle. |
| 260 ## - PUBLICACIÓN, DISTRIBUCIÓN, ETC. |
| Lugar de publicación, distribución, etc. |
Ciudad Trujillo, República Dominicana : |
| Nombre del editor, distribuidor, etc. |
Impresora Dominicana, |
| Fecha de publicación, distribución, etc. |
1950. |
| 300 ## - DESCRIPCIÓN FÍSICA |
| Extensión |
376 p. : |
| Otras características físicas |
il., retr. ; |
| Dimensiones |
22 cm. |
| 500 ## - NOTA GENERAL |
| Nota general |
Algunas notas historicas recogidas por Antonio Valle Llano |
| 500 ## - NOTA GENERAL |
| Nota general |
Incluye referencias bibliográficas y notas al final de los capitulos |
| 504 ## - NOTA DE BIBLIOGRAFÍA, ETC. |
| Nota de bibliografía, etc. |
Incluye índices |
| 590 ## - NOTA LOCAL (RLIN) |
| Nota local |
Inventariado, 2019/BT |
| 650 #4 - PUNTO DE ACCESO ADICIONAL DE MATERIA--TÉRMINO DE MATERIA |
| Término de materia o nombre geográfico como elemento de entrada |
Jesuitas |
| Subdivisión geográfica |
República Dominicana |
| 9 (RLIN) |
57057 |
| 700 12 - PUNTO DE ACCESO ADICIONAL--NOMBRE DE PERSONA |
| Nombre de persona |
Peña Batlle, Manuel Arturo, |
| Fechas asociadas al nombre |
1902-1952, |
| Término indicativo de función/relación |
pról. |
| 9 (RLIN) |
8406 |
| 910 ## - DATOS DE OPCIÓN DEL USUARIO (OCLC) |
| Datos de opción del usuario |
Validado. Control de calidad MFF |